Southville International School and Colleges
Your cart is empty.
  • Cart
  • Lists
    Public lists Eva Luna New books Lux_list list_1
    Your lists Log in to create your own lists
  • Log in to your account
  • Your cookies
  • Search history
Southville International School and Colleges
  • Advanced search
  • Recent comments
  • Most popular
  • Libraries

Log in to your account

Log in with GOOGLE


If you do not have an external account, but do have a local account, you can still log in:

  1. Home
  2. MARC view: The monkey and the turtle :
Normal view MARC view ISBD view

The monkey and the turtle : (Record no. 2442)

[ view plain ]
MARC details
000 -LEADER
fixed length control field 00552nam a22001937a 4500
003 - CONTROL NUMBER IDENTIFIER
control field DEla salle
005 - DATE AND TIME OF LATEST TRANSACTION
control field 20140310181732.0
008 - FIXED-LENGTH DATA ELEMENTS--GENERAL INFORMATION
fixed length control field 130318t xxu||||| |||| 00| 0 eng d
020 ## - INTERNATIONAL STANDARD BOOK NUMBER
International Standard Book Number 971630143X (pbk.)
050 ## - LIBRARY OF CONGRESS CALL NUMBER
Classification number PN 989
Item number .R627 2003
082 ## - DEWEY DECIMAL CLASSIFICATION NUMBER
Classification number FIL 398.245
Item number R52 2003
100 ## - MAIN ENTRY--PERSONAL NAME
Personal name Rizal, Jose
245 ## - TITLE STATEMENT
Title The monkey and the turtle :
Remainder of title a Philippine folk tale /
Statement of responsibility, etc Jose P. Rizal.
260 ## - PUBLICATION, DISTRIBUTION, ETC. (IMPRINT)
Place of publication, distribution, etc Manila
Name of publisher, distributor, etc Tahanan Books for Young Readers
Date of publication, distribution, etc c2003
300 ## - PHYSICAL DESCRIPTION
Extent 40 p. :
Other physical details ill. col. ;
Dimensions 23 cm.
562 ## - COPY AND VERSION IDENTIFICATION NOTE
Number of copies 1
942 ## - ADDED ENTRY ELEMENTS (KOHA)
Source of classification or shelving scheme Library of Congress Classification
Koha item type Books
Holdings
Withdrawn status Lost status Source of classification or shelving scheme Damaged status Home library Current library Shelving location Date acquired Total Checkouts Full call number Barcode Date last seen Copy number Price effective from Koha item type
    Library of Congress Classification   Luxembourg Library Luxembourg Library Filipiniana Section 03/18/2013   PN 989 .R627P5 2003 15297 08/13/2013 1 03/10/2014 Books

The monkey and the turtle :

APA

Rizal J., . (2003). The monkey and the turtle. Manila: Tahanan Books for Young Readers.

Chicago

Rizal Jose, . 2003. The monkey and the turtle. Manila: Tahanan Books for Young Readers.

Harvard

Rizal J., . (2003). The monkey and the turtle. Manila: Tahanan Books for Young Readers.

MLA

Rizal Jose, . The monkey and the turtle. Manila: Tahanan Books for Young Readers. 2003.

  • Place hold
  • Print
  • Cite
  • Add to your cart (remove)
  • Save record
    BIBTEX Dublin Core MARCXML MARC (non-Unicode/MARC-8) MARC (Unicode/UTF-8) MARC (Unicode/UTF-8, Standard) MODS (XML) RIS
  • More searches
    Search for this title in:
    Other Libraries (WorldCat) Other Databases (Google Scholar) Online Stores (Bookfinder.com) Open Library (openlibrary.org)

Exporting to Dublin Core...

SOUTHVILLE LIBRARY

Southville International School and Colleges Library

1281 Tropical Ave. Cor. Luxembourg St., BF Homes International, Las Pinas City

Tel. No. 8256374 / 252358 Loc. 117/146

Powered by Koha